000 00604nam a2200181 i 4500
001 50060
003 ES-MaACL
005 20230906162120.0
007 t|
008 030729s1973 sp ||||1| spa d
245 0 3 _aEl cristianismo ante el futuro
_b: comentarios a la carta "Octogesima adveniens".
260 _aMadrid :
_bCentro de Estudios Sociales del Valle de los Caídos,
_c1973.
300 _aXVI, 22 cm.
490 1 _aAnales de moral social y económica ;
_v31
830 0 _aAnales de moral social y económica ;
_v31
_9182660
852 _aES-MaACL
_jC-51899
_bR.85574
999 _c50060
_d50060